15 Largest Cities in Algeria🇩🇿 - Statistics

General Stats
  • This quiz has been taken 69 times
  • The average score is 6 of 15
Answer Stats
Population City % Correct
1.9 mil Algiers
100%
645k Oran
89%
450k Constantine
70%
206k Annaba
60%
288k Setif
45%
182k Blida
34%
280k Batna
30%
307k Biskra
26%
191k Sidi Bel Abbes
26%
178k Chlef
21%
178k Tiaret
21%
634k Tebessa
17%
168k Bordj Bou Arreridj
13%
275k Bab Ezzouar
2%
167k Ech Chettia
2%
No matching quizzes found
Score Distribution
Percent of People with Each Score
Percentile by Number Answered
Your Score History
You have not taken this quiz